<?xml version="1.0" encoding="UTF-8"?>
<marc:record xmlns:marc="http://www.loc.gov/MARC21/slim">
   <marc:leader>00000nam a2200000 a 4500</marc:leader>
   <marc:datafield ind1="1" ind2=" " tag="100">
      <marc:subfield code="a">Engelbrecht-Schnür, Julia</marc:subfield>
      <marc:subfield code="4">aut</marc:subfield>
      <marc:subfield code="e">Verfasser/-in</marc:subfield>
   </marc:datafield>
   <marc:datafield ind1="1" ind2=" " tag="100">
      <marc:subfield code="a">Nagel, Britta</marc:subfield>
      <marc:subfield code="4">aut</marc:subfield>
      <marc:subfield code="e">Verfasser/-in</marc:subfield>
   </marc:datafield>
   <marc:datafield ind1=" " ind2=" " tag="653">
      <marc:subfield code="a">Senile Demenz</marc:subfield>
   </marc:datafield>
   <marc:datafield ind1=" " ind2=" " tag="653">
      <marc:subfield code="a">Angehöriger</marc:subfield>
   </marc:datafield>
   <marc:datafield ind1=" " ind2=" " tag="653">
      <marc:subfield code="a">Erlebnisbericht</marc:subfield>
   </marc:datafield>
   <marc:datafield ind1="0" ind2="0" tag="245">
      <marc:subfield code="a">Wo bist du?</marc:subfield>
   </marc:datafield>
   <marc:datafield ind1="0" ind2="0" tag="245">
      <marc:subfield code="b">Demenz - Abschied zu Lebzeiten</marc:subfield>
   </marc:datafield>
   <marc:datafield ind1="0" ind2="0" tag="245">
      <marc:subfield code="c">Julia Engelbrecht-Schnür ; Britta Nagel</marc:subfield>
   </marc:datafield>
   <marc:datafield ind1=" " ind2="1" tag="264">
      <marc:subfield code="a">Weinheim</marc:subfield>
      <marc:subfield code="b">Beltz</marc:subfield>
      <marc:subfield code="c">2012</marc:subfield>
   </marc:datafield>
   <marc:datafield ind1="1" ind2=" " tag="490">
      <marc:subfield code="a">Beltz-Taschenbuch</marc:subfield>
      <marc:subfield code="v">917</marc:subfield>
   </marc:datafield>
   <marc:datafield ind1=" " ind2=" " tag="250">
      <marc:subfield code="a">1. Aufl.</marc:subfield>
   </marc:datafield>
   <marc:datafield ind1="1" ind2=" " tag="520">
      <marc:subfield code="a">Angaben aus der Verlagsmeldung

Wo bist du? Demenz - Abschied zu Lebzeiten Wo bis Du? Demenz - Abschied zu Lebzeiten / von Julia Engelbrecht-Schnür, Britta Nagel

Töchter und Söhne, Eheleute und Enkel berichten von einer der größten Herausforderungen ihres Lebens. In schonungsloser, entwaffnender Offenheit sprechen sie vom Kampf um die Würde ihres an Demenz erkrankten Nächsten. Ergänzend erläutern Pfleger, Ärzte und Wissenschaftler ihre Sicht auf die neue Volkskrankheit. Ein Buch, das hilft und nahe geht.

Dieses Buch beschreibt anhand von Porträts Demenzkranker und ihrer Angehöriger, wie aus Eltern hilflose Schützlinge werden. Doch neben dem Verlust, dem Abschied zu Lebzeiten, der aufreibenden Pflege und dem erzwungenen Rollentausch berichten die Kinder ebenso wie Enkel und Ehepartner auch von der Stärke und Selbstüberwindung, die sie im Umgang mit der Demenz gelernt haben. Sie berichten, wie es ihnen gelang, ihren Nächsten trotz der Krankheit zu lieben und nicht dem Schock der Diagnose, nicht der Angst vor der Fremdheit zu erliegen.
</marc:subfield>
   </marc:datafield>
   <marc:datafield ind1=" " ind2=" " tag="020">
      <marc:subfield code="a">9783407229175</marc:subfield>
      <marc:subfield code="9">9783407229175</marc:subfield>
   </marc:datafield>
   <marc:datafield ind1=" " ind2=" " tag="020">
      <marc:subfield code="a">3407229178</marc:subfield>
      <marc:subfield code="9">3407229178</marc:subfield>
   </marc:datafield>
   <marc:datafield ind1=" " ind2=" " tag="041">
      <marc:subfield code="a">ger</marc:subfield>
   </marc:datafield>
   <marc:datafield ind1=" " ind2=" " tag="300">
      <marc:subfield code="a">159 S.</marc:subfield>
   </marc:datafield>
</marc:record>
